| 000 | 00629nam a2200229Ia 4500 | ||
|---|---|---|---|
| 003 | OSt | ||
| 005 | 20230401090904.0 | ||
| 008 | 210423s2008 xx 000 0 und d | ||
| 020 | _a9788126909998 | ||
| 040 | _cAL | ||
| 041 | _aeng | ||
| 082 | _a332.1 SHAM | ||
| 100 |
_aSHARMA (Manoranjan) _981290 |
||
| 245 | _aDynamics of Indian banking: views and vistas | ||
| 260 |
_aNew Delhi _bAtlantic Publishers and Distributors _c2008 |
||
| 300 |
_axxix,442 _bHB |
||
| 365 |
_b695 _cINR |
||
| 650 |
_aBanking _981291 |
||
| 650 |
_aEconomics _981292 |
||
| 906 | _abanking: ; Dynamics ; Indian ; views ; vistas | ||
| 942 |
_2ddc _cBK |
||
| 999 |
_c157769 _d157769 |
||